000
002610000a22000970004500
100
1
_a
Howard, David M.
245
1
0
_a
Estidiantes inician misiones
300
_a
Vol. 78, Num. 3 (Julio-Septiembre,1988), Página 4
773
0
_t
Latin America Evangelist
942
_c
ANA
999
_c
55129
_d
55129